000
00314nam a2200133Ia 4500
005
20251222143233.0
008
251222s9999||||xx |||||||||||||| ||spa||
020
_a
84-345-6184-0
082
_a
759.054/A47
100
_a
Alba, MarĂa Dolores
245
0
_a
Impresionismo
264
_b
Salvat Editores
942
_c
LIB
999
_c
14260
_d
14260